000
00304nam a22001217a 4500
020
_a
817381371
082
_a
624.25
_b
RAK/DE
100
_a
Rakshit,K.S
_9
810
245
_a
Design and Construction of Highway Bridges
260
_a
Delhi
_b
New Central Book Agency (P) Ltd
_c
2010
300
_a
448
942
_c
BK
999
_c
14475
_d
14475